Geologic map of a part of southwestern Wyoming and adjacent states /

Bibliographic Details
Main Author: Bradley, Wilmot H. (Wilmot Hyde), 1899-1979
Corporate Author: Geological Survey (U.S.)
Format: Government Document Map
Language:English
Published: Washington, D.C. : U.S. Geological Survey, 1961.
Series:Miscellaneous geologic investigations ; map I-332.
Subjects:

MARC

Tag First Indicator Second Indicator Subfields
LEADER 00000cem a2200000Ia 4500
001 in00002483213
005 20200418064212.0
007 aj canzn
008 810820s1961 dcu a f 0 eng d
034 1 |a a  |b 250000  |d W1100000  |e W1080000  |f N0420000  |g N0410000 
035 |a (OCoLC)ocm07687137 
035 |a (OCoLC)7687137 
040 |a COP  |c COP  |d NMT  |d OCL  |d OCLCG  |d STF  |d TXA  |d UtOrBLW 
043 |a n-us-wy 
049 |a TXAM 
050 1 4 |a G3701.C5 svar  |b .U52 I-332 
052 |a 4261 
052 |a 4313  |b M5 
052 |a 4343  |b S8  |b D3 
074 |a 0619-G-08 
086 0 |a I 19.91:I-332 
100 1 |a Bradley, Wilmot H.  |q (Wilmot Hyde),  |d 1899-1979. 
245 1 0 |a Geologic map of a part of southwestern Wyoming and adjacent states /  |c by W.H. Bradley. 
255 |a Scale 1:250,000  |c (W 110⁰00ʹ00ʺ--W 108⁰00ʹ00ʺ/N 42⁰00ʹ00ʺ--N 41⁰00ʹ00ʺ) 
264 1 |a Washington, D.C. :  |b U.S. Geological Survey,  |c 1961. 
300 |a 1 map :  |b color ;  |c 86 x 131 cm., folded to 28 x 20 cm., in envelope 30 x 24 cm. 
336 |a cartographic image  |b cri  |2 rdacontent 
337 |a unmediated  |b n  |2 rdamedia 
338 |a sheet  |b nb  |2 rdacarrier 
490 1 |a Miscellaneous geologic investigations ;  |v map I-332 
500 |a Includes schematic section and geologic mapping source index. 
500 |a Cartographic material. 
650 0 |a Geology  |z Wyoming  |v Maps. 
650 0 |a Geology  |z Colorado  |z Moffat County  |v Maps. 
650 0 |a Geology  |z Utah  |z Summit County  |v Maps. 
650 0 |a Geology  |z Utah  |z Daggett County  |v Maps. 
710 2 |a Geological Survey (U.S.) 
830 0 |a Miscellaneous geologic investigations ;  |v map I-332. 
994 |a C0  |b TXA 
948 |a cataloged  |b h  |c 2009/06/12  |e mansari  |f 12:50:24 pm 
999 |a MARS 
999 f f |s dc220c1d-ac62-3cb7-acd2-15eb98b2d0a4  |i 67fb51c4-7c3b-304b-88f0-a615f37f9c7c  |t 0 
952 f f |p normal  |a Texas A&M University  |b College Station  |c Sterling C. Evans Library  |d Evans: Maps File (2nd floor)  |t 0  |e I 19.91:I-332  |h Superintendent of Documents classification  |i unmediated -- sheet  |m A14816696379 
998 f f |a I 19.91:I-332  |t 0  |l Evans: Maps File (2nd floor)